Imperial - Denzel Curry - Statistics

General Stats
  • This quiz has been taken 29 times
  • The average score is 7 of 10
Answer Stats
Track # Answer % Correct
1 ULT
100%
2 Gook
91%
8 Zenith
91%
9 Good Night
73%
4 Knotty Head
73%
5 Me Now
68%
6 Story: No Title
68%
7 This Life
68%
10 If Tomorrow's Not Here
59%
3 Sick & Tired
45%
No matching quizzes found
Score Distribution
Percent of People with Each Score
Percentile by Number Answered
Your Score History
You have not taken this quiz